Name all the Totem Pokémon and their Allies. - Statistics

General Stats
  • This quiz has been taken 263 times
    262 since last reset
  • The average score is 23 of 36
Answer Stats
Location Totem/Ally Answer % Correct
Verdant Cavern Totem MUM Raticate
94%
Verdant Cavern Totem SUS Gumshoos
93%
Verdant Cavern Ally Rattata
90%
Verdant Cavern Ally Yungoos
90%
Brooklet Hill Totem Wishiwashi
88%
Brooklet Hill Ally SM Wishiwashi
88%
Wela Volcano Totem USUM Marowak
86%
Lush Jungle Totem Lurantis
85%
Thrifty Megmart Totem Mimikyu
85%
Wela Volcano Totem SM Salazzle
84%
Wela Volcano Ally USUM Salazzle
84%
Hokulani Observatory Totem SM Vikavolt
81%
Brooklet Hill Totem USUM Araquanid
80%
Vast Poni Canyon Totem Kommo-o
80%
Hokulani Observatory Totem USUM Togedemaru
79%
Wela Volcano Ally SM Salandit
77%
Brooklet Hill Ally USUM Dewpider
75%
Hokulani Observatory Ally SM Charjabug
71%
Thrifty Megamart Ally SM Haunter
70%
Vast Poni Canyon Ally SM Hakamo-o
69%
Thrifty Megamart Ally SM Gengar
68%
Seafolk Village Totem USUM Ribombee
66%
Lush Jungle Ally USUM Comfey
56%
Thrifty Megamart Ally USUM Banette
53%
Lush Jungle Ally SM Castform
48%
Brooklet Hill Ally SM Alomomola
41%
Vast Poni Canyon Ally Scizor
40%
Hokulani Observatory Ally USUM Skarmory
39%
Lush Jungle Ally SM Trumbeak
37%
Lush Jungle Ally USUM Kecleon
32%
Vast Poni Canyon Ally USUM Noivern
32%
Brooklet Hill Ally USUM Masquerain
30%
Seafolk Village Ally USUM Pelipper
28%
Thrifty Megamart Ally USUM Jellicent
27%
Seafolk Village Ally USUM Blissey
26%
Hokulani Observatory Ally USUM Dedenne
18%
No matching quizzes found
Score Distribution
Percent of People with Each Score
Percentile by Number Answered
Your Score History
You have not taken this quiz since the last reset